The Caxton Shakespeare in twenty Volumes (Record no. 11120)

MARC details
000 -LEADER
fixed length control field 00553nam a2200181Ia 4500
003 - CONTROL NUMBER IDENTIFIER
control field OSt
005 - DATE AND TIME OF LATEST TRANSACTION
control field 20220829130713.0
008 - FIXED-LENGTH DATA ELEMENTS--GENERAL INFORMATION
fixed length control field 211109s9999||||xx |||||||||||||| ||und||
040 ## - CATALOGING SOURCE
Transcribing agency SBCL
082 ## - DEWEY DECIMAL CLASSIFICATION NUMBER
Classification number 822.33
Item number SHA-C
100 ## - MAIN ENTRY--PERSONAL NAME
Personal name Shakespeare, William
245 #0 - TITLE STATEMENT
Title The Caxton Shakespeare in twenty Volumes
Remainder of title Twelfth Night: or What You Will Measure for Measure
260 ## - PUBLICATION, DISTRIBUTION, ETC.
Name of publisher, distributor, etc. Caxton Publishing Company
Place of publication, distribution, etc. London
Date of publication, distribution, etc. 1954
300 ## - PHYSICAL DESCRIPTION
Extent 131p.
630 ## - SUBJECT ADDED ENTRY--UNIFORM TITLE
General subdivision POST GRADUATE REFERENCE
650 ## - SUBJECT ADDED ENTRY--TOPICAL TERM
Topical term or geographic name entry element English Literature
942 ## - ADDED ENTRY ELEMENTS (KOHA)
Koha item type BOOK
650 ## - SUBJECT ADDED ENTRY--TOPICAL TERM
Form subdivision English Drama
General subdivision Literature
Holdings
Withdrawn status Lost status Source of classification or shelving scheme Damaged status Not for loan Home library Current library Date acquired Cost, normal purchase price Full call number Barcode Shelving location Date last seen Price effective from Koha item type
    Dewey Decimal Classification     SB LIBRARY SB LIBRARY 09/11/2021 50.00 822.33 SHA-C 00011674 POST GRADUATE REFERENCE 09/11/2021 09/11/2021 BOOK

Powered by Koha